| 000 | 00550nam a2200145 a 4500 | ||
|---|---|---|---|
| 001 | 000025281 | ||
| 005 | 20200930023659.0 | ||
| 008 | 110214s1998 dr a r 000 0 spa d | ||
| 040 |
_aDO-SdBNP _bspa _cBNPHU |
||
| 082 |
_axxxx _bR426e |
||
| 110 | 1 |
_aRepública Dominicana _bSecretaría de Estado de Educación y Cultura _bOficina de Planificación Educativa _951800 |
|
| 245 | 1 | 0 | _aEstadística e indicadores de educación 1996-1997. |
| 260 |
_aSanto Domingo : _bSecretaría de Estado de Educación y Cultura, _c1998. |
||
| 300 |
_a121 p. : _bgraf. ; _c29 cm. |
||
| 999 |
_c24774 _d24774 |
||